000
00280nam a2200109Ia 4500
008
190216s9999||||xx |||||||||||||| ||und||
100
_a
Yu S Lyalikov
245
0
_a
Theoretical Foundations Of Modern Chemical Analysis
260
_b
Mir Publishers
650
_a
Chemistry
942
_c
BK
999
_c
2106
_d
2106